| 000 | 02364nam a22002897a 4500 | ||
|---|---|---|---|
| 005 | 20220314124815.0 | ||
| 008 | 201107s1927 enk |||f||||| 001 0dmul d | ||
| 020 | _a9780674992221 | ||
| 040 |
_cSandra Yazo _dSandra Yazo |
||
| 041 | 0 |
_aeng _agre |
|
| 082 | 0 | 4 |
_220 _a885 |
| 092 | _aE62N099 | ||
| 100 | 1 |
_aIseo _d420-350? a.C _9102008 |
|
| 242 | 0 | 0 |
_aIseo de Atenas. _cTraducción inglesa de Edward Seymour Forster. _yspa |
| 245 | 1 | 0 |
_aIsaeus. _cWith an english translation by Edward Seymour Forster. |
| 260 |
_aLondon [Londres] (Inglaterra) _bHarvard University Press [Imprenta de la Universidad de Harvard] _c1927 |
||
| 300 |
_axvii, 487 páginas _c16 x 11 cm. |
||
| 490 | 0 |
_aLoeb classical Library _v202 |
|
| 500 | _aDetalles físicos: Encuadernación rígida. Cartón duro forrado en tela. Lomo con adornos en dorado. En la tapa delantera anagrama en dorado. Cubierta de papel verde con solapa, que incluye datos de autor y de la obra. Guardas. Hoja de cortesía. Anteportada. Portada impresa en una sola tinta; información sobre la obra dentro de un recuadro. Pequeño grabado con el emblema de la Colección (Palas Athenea); en el círculo, la inscripción “Loeb Classical Library”. Texto muy bien impreso en una sola columna: el texto griego, con párrafos numerados, ocupa la página derecha; la traducción inglesa correspondiente a la página de la izquierda. Notas de pie de página. Incluye índice. Hojas de cortesía posteriores y guardas. | ||
| 505 | 2 | _aIntroducción: Vida y escritos de Iseo ; Lugar de Iseo entre los oradores áticos ; Leyes atenienses sobre herencias ; El texto ; Bibliografía ; Sobre las propiedades de Cleónimo ; Sobre las propiedades de Menecles ; Sobre las propiedades de Pirrón ; Sobre las propiedades de Nicóstrato ; Sobre los bienes de Diceógenes ; Sobre los bienes de Filoctemo ; Sobre los bienes de Apolodoro ; Sobre los bienes de Cirón ; Sobre las propiedades de Astifilo ; Sobre las propiedades de Aristarco ; Sobre los bienes de Agnias ; A favor de Eufileto ; Fragmentos y discursos de Iseo que se perdieron ; Índice | |
| 506 | _aConsulta en sala | ||
| 546 | _aTexto en inglés y griego | ||
| 650 | 7 |
_920803 _aOratoria griega |
|
| 690 |
_aLiteratura griega _976 |
||
| 700 | 1 | 4 |
_aForster, E. S. _d1879-1950 _q(Edward Seymour) _etraductor _9101824 |
| 942 |
_2LOCAL _cLIBRO _e1 _hE62N099 |
||
| 999 |
_c318425 _d318425 |
||